Misery Business - Paramore - Statistics

General Stats
  • This quiz has been taken 327 times
  • The average score is 344 of 418
Answer Stats
Hint Answer % Correct
I
99%
a
97%
in
96%
to
96%
an
95%
it
95%
the
95%
got
94%
Verse 1 I'm
94%
i'm
94%
misery
94%
of
94%
business
93%
body
92%
from
92%
like
92%
now
92%
she
92%
never
91%
clock
90%
it's
90%
me
90%
she's
90%
when
90%
you
90%
but
89%
hourglass
89%
take
89%
top
89%
him
88%
on
88%
ticking
88%
want
88%
who
88%
lets
87%
so
87%
we
87%
where
87%
he
86%
meant
86%
was
86%
good
85%
and
84%
feel
84%
god
84%
matter
84%
my
84%
one
84%
time
84%
for
83%
all
82%
intention
82%
before
81%
brag
81%
do
81%
just
81%
only
81%
out
81%
smile
80%
that
80%
away
79%
free
79%
lie
79%
long
79%
biggest
78%
by
78%
could
78%
feels
78%
months
78%
set
78%
waited
78%
caught
77%
'cause
77%
eight
77%
not
76%
if
75%
wear
75%
would
75%
does
74%
mine
74%
steal
74%
what
74%
run
73%
told
73%
change
72%
finally
72%
know
72%
fire
71%
your
71%
mouth
70%
sorry
70%
them
69%
two
69%
weeks
69%
Chorus | Refrain Woah
69%
woah
69%
thought
68%
whore
68%
dreams
67%
right
67%
then
67%
they
67%
involving
66%
people
66%
refuse
66%
wildest
66%
come
65%
couldn't
65%
don't
65%
watch
65%
nothing
64%
true
64%
Verse 2 Second
63%
get
62%
girls
62%
his
62%
look
62%
million
62%
more
62%
this
62%
chances
61%
other
61%
once
60%
way
60%
as
59%
watched
59%
that'll
58%
there's
58%
well
57%
ever
56%
possible
56%
easy
55%
looking
55%
honey
54%
innocent
54%
forgiveness
52%
about
51%
have
51%
we're
49%
passed
44%
supposed
44%
up
43%
both
42%
exchanged
30%
snare
29%
Intro Hit
27%
hit
27%
No matching quizzes found
Score Distribution
Percent of People with Each Score
Percentile by Number Answered
Your Score History
You have not taken this quiz